Cryptography and Network Security : (Record no. 11089)
[ view plain ]
| 000 -LEADER | |
|---|---|
| fixed length control field | 00795cam a2200217 a 4500 |
| 001 - CONTROL NUMBER | |
| control field | 13000619 |
| 005 - DATE AND TIME OF LATEST TRANSACTION | |
| control field | 20201124143022.0 |
| 008 - FIXED-LENGTH DATA ELEMENTS--GENERAL INFORMATION | |
| fixed length control field | 021113s2003 njua b 001 0 eng |
| 010 ## - LIBRARY OF CONGRESS CONTROL NUMBER | |
| LC control number | 2002727981 |
| 020 ## - INTERNATIONAL STANDARD BOOK NUMBER | |
| International Standard Book Number | 0132023229 |
| 040 ## - CATALOGING SOURCE | |
| Original cataloging agency | DLC |
| Transcribing agency | DLC |
| Modifying agency | DLC |
| 050 00 - LIBRARY OF CONGRESS CALL NUMBER | |
| Classification number | TK5105.59 |
| Item number | .S713 2003 |
| 082 00 - DEWEY DECIMAL CLASSIFICATION NUMBER | |
| Classification number | 005.8 |
| Edition number | 21 |
| Item number | STA |
| 245 10 - TITLE STATEMENT | |
| Title | Cryptography and Network Security : |
| Remainder of title | Principles and Practice / |
| Statement of responsibility, etc | William Stallings. |
| 250 ## - EDITION STATEMENT | |
| Edition statement | 4th ed. |
| Remainder of edition statement | Pearson international ed. |
| 260 ## - PUBLICATION, DISTRIBUTION, ETC. (IMPRINT) | |
| Place of publication, distribution, etc | Upper Saddle River, N.J. : |
| Name of publisher, distributor, etc | Prentice Hall, |
| Date of publication, distribution, etc | c2006. |
| 300 ## - PHYSICAL DESCRIPTION | |
| Extent | xiv, 680 p. : |
| Other physical details | ill. ; |
| Dimensions | 24 cm. |
| 504 ## - BIBLIOGRAPHY, ETC. NOTE | |
| Bibliography, etc | Includes bibliographical references and index. |
| 942 ## - ADDED ENTRY ELEMENTS (KOHA) | |
| Source of classification or shelving scheme | Dewey Decimal Classification |
| Item type | Book - Borrowing |
| Withdrawn status | Item status | Source of classification or shelving scheme | Damaged status | Not for loan | Vendor | Home library | Current library | Shelving location | Date acquired | Source of acquisition | Total Checkouts | Full call number | Barcode | Date last seen | Date last borrowed | Koha item type | Total Renewals |
|---|---|---|---|---|---|---|---|---|---|---|---|---|---|---|---|---|---|
| Dewey Decimal Classification | Baccah | Central Library | Central Library | Lower Floor | 22/03/2009 | 2 | 005.8 STA | 000015663 | 15/07/2025 | 09/03/2014 | NB - Book (Non borrowing) | ||||||
| Dewey Decimal Classification | Baccah | Central Library | Central Library | Lower Floor | 22/03/2009 | 8 | 005.8 STA | 000015664 | 15/07/2025 | 25/05/2022 | Book - Borrowing | ||||||
| Dewey Decimal Classification | Baccah | Central Library | Central Library | Lower Floor | 22/03/2009 | 1 | 005.8 STA | 000015665 | 15/07/2025 | 24/03/2009 | Book - Borrowing | 5 | |||||
| Dewey Decimal Classification | Central Library | Central Library | Lower Floor | 12/03/2018 | 005.8 STA | 000047374 | 15/07/2025 | Book - Borrowing |